| 000 | 00573nam a2200205Ia 4500 | ||
|---|---|---|---|
| 008 | 240729s9999 xx 000 0 und d | ||
| 022 | _a2772-6967 | ||
| 245 | 0 | _aJSAMS Plus | |
| 260 | _aUnited Kingdom | ||
| 260 | _bElsevier | ||
| 650 | _a Internal medicine | ||
| 650 | _a Recreation. Leisure | ||
| 650 | _a Special situations and conditions | ||
| 650 | _a Sports | Medicine | ||
| 650 | _a Sports medicine | ||
| 650 | _aGeography. Anthropology. Recreation | ||
| 856 | _uhttps://doaj.org/toc/0ff0f01d837c4bd9855d7e8c2828a34c | ||
| 942 | _2ddc | ||
| 942 | _cDOAJEJ | ||
| 999 |
_c73374 _d73374 |
||
| 945 |
_a1 _bMadushi Gamage _c1 _dMadushi Gamage |
||